Các khu hành chính của quận Cửu - Chân thời Hài Bà Trưng /
Zapisane w:
| 1. autor: | |
|---|---|
| Format: | Artykuł |
| Język: | Vietnamese |
| Hasła przedmiotowe: | |
| Etykiety: |
Dodaj etykietę
Nie ma etykietki, Dołącz pierwszą etykiete!
|
| Thư viện lưu trữ: | Thư viện Trường Đại học Đà Lạt |
|---|
| LEADER | 00699nam a2200253 4500 | ||
|---|---|---|---|
| 001 | DLU090075236 | ||
| 005 | ##20090610 | ||
| 040 | # | # | |a DLU |b vie |
| 041 | # | # | |a vie |
| 044 | # | # | |a vn |
| 100 | # | # | |a Nguyễn Đình Thực. |
| 245 | # | # | |a Các khu hành chính của quận Cửu - Chân thời Hài Bà Trưng / |c Nguyễn Đình Thực. |
| 653 | # | # | |a Địa chí |
| 653 | # | # | |a Khởi nghĩa Hai Bà Trưng |
| 653 | # | # | |a Quản lí hành chính |
| 773 | # | # | |t Tạp chí nghiên cứu lịch sử |g Số 5, 1976, tr. 75-80 |
| 994 | # | # | |a DLU |
| 900 | # | # | |a True |
| 911 | # | # | |a Nguyễn Thị Linh Chi |
| 925 | # | # | |a G |
| 926 | # | # | |a A |
| 927 | # | # | |a BB |
| 980 | # | # | |a Thư viện Trường Đại học Đà Lạt |